| 000 | 00362nam a2200157Ia 4500 | ||
|---|---|---|---|
| 100 | _aMillman/J/ Halkias | ||
| 650 | _aElectrical Engineering | ||
| 942 | _cBK | ||
| 654 | _aIntegrated Electronic | ||
| 245 | _aIntegrated Electronic | ||
| 260 |
_bMcGraw Hill _aAuckland _c1972 |
||
| 082 |
_a621.3 _bMil/Hal |
||
| 300 | _a911 | ||
| 546 | _aENGLISH | ||
| 999 |
_c20480 _d20480 |
||